[Event "Oslo Chess International 2014"]
[Site "Oslo"]
[Date "2014.09.28"]
[Round "5"]
[White "Sjøberg, Isak"]
[Black "Merkesvik, Amalie Isabel"]
[Result "1-0"]
[WhiteElo "1355"]
[BlackElo "1530"]
[PlyCount "57"]
[EventDate "2014.??.??"]

1. e4 e5 2. Nf3 Nc6 3. Bb5 d6 4. d4 Bd7 5. dxe5 dxe5 6. Nc3 Bb4 7. Bd2 Bxc3 8.
Bxc3 Nf6 9. Qe2 Qe7 10. a3 O-O-O 11. O-O-O a6 12. Bxa6 bxa6 13. Qxa6+ Kb8 14.
Rd3 Nxe4 15. Qb5+ Kc8 16. Qa6+ Kb8 17. Nxe5 Nxe5 18. Bxe5 Nc5 19. Qb6+ Ka8 20.
Qa5+ Kb7 21. Qxc7+ Ka8 22. Qa5+ Kb7 23. Rd5 Rc8 24. Kb1 Bf5 25. Re1 Rhe8 26.
Bc3 Ne4 27. Rb5+ Kc6 28. Qb6+ Kd7 29. Rd5+
1-0

[Event "Oslo Chess International 2014"]
[Site "Oslo"]
[Date "2014.09.28"]
[Round "5"]
[White "Hånes, Sturle"]
[Black "Grønn, Embla Ekeland"]
[Result "0-1"]
[WhiteElo "1309"]
[BlackElo "1389"]
[PlyCount "128"]
[EventDate "2014.??.??"]

1. d4 d5 2. c4 c6 3. Nc3 Nf6 4. Nf3 dxc4 5. e3 b5 6. g3 Bg4 7. Bg2 e6 8. O-O b4
9. Ne2 Nbd7 10. Re1 Rc8 11. Bd2 c5 12. Qa4 Ne4 13. Rad1 cxd4 14. Nfxd4 Nec5 15.
Qc2 Nd3 16. Rf1 e5 17. f3 exd4 18. fxg4 dxe3 19. Bxe3 Bc5 20. Bxc5 Rxc5 21. Nf4
Nxf4 22. Rxf4 O-O 23. Rfd4 Rc7 24. Qa4 c3 25. bxc3 bxc3 26. Bc6 Nb6 27. Qc2 Qf6
28. Be4 g6 29. Rd6 Qe5 30. Bg2 Qc5+ 31. Kh1 Qa3 32. Rc6 Rxc6 33. Bxc6 Qb2 34.
Qxb2 cxb2 35. Be4 Rc8 36. Bb7 Rc1 37. Rg1 Nc4 38. Be4 Nd2 39. Bd3 Rxg1+ 40.
Kxg1 b1=Q+ 41. Bxb1 Nxb1 42. Kf2 Kf8 43. Ke3 Ke7 44. Kd3 Kf6 45. a4 Ke5 46. a5
Kd5 47. h3 Kc5 48. Ke4 Kb5 49. Ke5 Kxa5 50. Kf6 Kb4 51. Kxf7 a5 52. Kg7 a4 53.
Kxh7 a3 54. Kxg6 a2 55. g5 a1=Q 56. Kh5 Qg7 57. Kg4 Nd2 58. h4 Ne4 59. Kf4 Nxg3
60. Kxg3 Kc4 61. Kg4 Kd5 62. h5 Ke5 63. h6 Qg6 64. Kh4 Kf5
0-1

[Event "Oslo Chess International 2014"]
[Site "Oslo"]
[Date "2014.09.28"]
[Round "5"]
[White "Hjelle, Øyvind"]
[Black "Thorvaldsen, Thomas"]
[Result "1-0"]
[WhiteElo "1357"]
[BlackElo "908"]
[PlyCount "39"]
[EventDate "2014.??.??"]

1. e4 e5 2. Nf3 Nc6 3. Bb5 a6 4. Ba4 Nf6 5. O-O d6 6. Qe2 Bg4 7. c3 b5 8. Bb3
Bh5 9. Rd1 Bg6 10. d3 Be7 11. Nbd2 O-O 12. Nf1 d5 13. Ng3 dxe4 14. dxe4 Qc8 15.
h3 Na5 16. Nxe5 Nxb3 17. Nxg6 Nxa1 18. Nxe7+ Kh8 19. Nxc8 Raxc8 20. Bg5
1-0

[Event "Oslo Chess International 2014"]
[Site "Oslo"]
[Date "2014.09.28"]
[Round "5"]
[White "Nymo, Olav Andreas Førde"]
[Black "Eide, Adrian"]
[Result "1/2-1/2"]
[WhiteElo "1200"]
[BlackElo "1356"]
[PlyCount "81"]
[EventDate "2014.??.??"]

1. d4 Nf6 2. c4 e6 3. Nf3 d5 4. Bg5 Be7 5. e3 h6 6. Bh4 O-O 7. Bd3 Nc6 8. a3 a5
9. Nc3 dxc4 10. Bxc4 Nd5 11. Bxe7 Ncxe7 12. O-O c6 13. Bd3 Qc7 14. Ne4 Rd8 15.
Nc5 b6 16. Ne4 Nf5 17. Re1 Nde7 18. Rc1 Ng6 19. Qa4 Bb7 20. Bb5 Rac8 21. Ned2
Ba8 22. Ba6 b5 23. Qc2 Rb8 24. Nb3 Rb6 25. Nc5 Qd6 26. a4 Qb8 27. axb5 cxb5 28.
Qc3 b4 29. Qb3 Nfh4 30. Nxh4 Nxh4 31. Bf1 Rd5 32. f3 Nxf3+ 33. gxf3 Rg5+ 34.
Bg2 Bxf3 35. Rc2 Qa8 36. e4 Bh5 37. Re3 Qd8 38. Rd3 Bg6 39. Kh1 Kh7 40. Qa4 Rb8
41. Rcd2
1/2-1/2

[Event "Oslo Chess International 2014"]
[Site "Oslo"]
[Date "2014.09.28"]
[Round "5"]
[White "Berg-Olsen, Sebastian N"]
[Black "Ingebretsen, Jens E"]
[Result "1/2-1/2"]
[WhiteElo "910"]
[BlackElo "1117"]
[PlyCount "88"]
[EventDate "2014.??.??"]

1. e4 e6 2. d4 d5 3. Nc3 Nf6 4. Bg5 dxe4 5. Nxe4 Be7 6. Nxf6+ Bxf6 7. Bxf6 Qxf6
8. Nf3 O-O 9. Bd3 Nc6 10. O-O Kh8 11. c3 b6 12. Re1 Bb7 13. Re3 Ne7 14. Ne5 Nd5
15. Rg3 Rad8 16. Qh5 h6 17. Qf3 Qxf3 18. Rxf3 Nf6 19. Re3 Nh5 20. Be4 Bxe4 21.
Rxe4 Nf6 22. Rf4 Kg8 23. Rd1 c5 24. h3 Nd5 25. Rf3 Ne7 26. Rfd3 cxd4 27. Rxd4
Rd5 28. Rxd5 Nxd5 29. c4 Nf6 30. Nd7 Nxd7 31. Rxd7 Rc8 32. b3 a5 33. Rd3 Kf8
34. Kf1 Ke7 35. Ke2 Rc6 36. Ke3 Rd6 37. f4 Rxd3+ 38. Kxd3 Kd6 39. g3 Kc5 40. a3
h5 41. Kc3 f6 42. Kd3 Kc6 43. Kd4 Kd6 44. Kd3 Kc5
1/2-1/2

[Event "Oslo Chess International 2014"]
[Site "Oslo"]
[Date "2014.09.28"]
[Round "5"]
[White "Larsen, Per Magnus"]
[Black "Pedersen, Helge F"]
[Result "0-1"]
[WhiteElo "1000"]
[BlackElo "888"]
[PlyCount "120"]
[EventDate "2014.??.??"]

1. d4 d6 2. c4 c6 3. Nc3 Nf6 4. Bg5 Nbd7 5. e4 Qa5 6. Bd3 Qxg5 7. Qf3 e5 8. h4
Qg4 9. d5 Qxf3 10. gxf3 Nh5 11. Bf1 Nf4 12. Nh3 Nxh3 13. Bxh3 Nf6 14. Bf1 Nh5
15. Ne2 Be7 16. Kd2 Bd8 17. Ng3 Ba5+ 18. Ke3 Nf4 19. Nf5 Bxf5 20. exf5 Bb6+ 21.
Kd2 Bxf2 22. Rh2 Bd4 23. Rb1 O-O 24. dxc6 bxc6 25. h5 h6 26. b4 Rab8 27. a4 a5
28. b5 cxb5 29. cxb5 Rfc8 30. Rb3 Bc5 31. Rh4 Bb4+ 32. Ke3 Rc3+ 33. Rxc3 Bxc3
34. Rg4 Nxh5 35. Rc4 Bb4 36. Rc6 Bc5+ 37. Kd2 Nf6 38. Kd3 Kf8 39. Kc3 Ke8 40.
Bc4 e4 41. fxe4 Nxe4+ 42. Kc2 Ng5 43. Bd5 Kd7 44. Kd2 Rb6 45. Ke2 Rxc6 46.
bxc6+ Kc7 47. Kf1 Bb6 48. Kg2 Kd8 49. Kg3 Ke7 50. Bg2 Kf6 51. Kf4 g6 52. fxg6
fxg6 53. Kg4 Ke5 54. Kg3 Ne4+ 55. Kg4 Nc3 56. c7 Bxc7 57. Bc6 d5 58. Be8 g5 59.
Kh5 Kf4 60. Kxh6 g4
0-1

[Event "Oslo Chess International 2014"]
[Site "Oslo"]
[Date "2014.09.28"]
[Round "6"]
[White "Smeby, Ole"]
[Black "Kovachev, Daniel Jakobsen"]
[Result "0-1"]
[WhiteElo "2042"]
[BlackElo "2289"]
[PlyCount "112"]
[EventDate "2014.??.??"]

1. d4 f5 2. Nc3 d5 3. Nf3 Nf6 4. Bg5 e6 5. e3 c5 6. Ne5 Nc6 7. Bb5 Bd7 8. Nxd7
Qxd7 9. Ne2 a6 10. Bxc6 bxc6 11. c3 Bd6 12. Bf4 O-O 13. O-O Rfb8 14. Rb1 Rb7
15. Qa4 Ne4 16. Rfd1 Rab8 17. Bxd6 Qxd6 18. f3 Nf6 19. Qa3 Nd7 20. Nf4 Rb5 21.
c4 dxc4 22. dxc5 Qxc5 23. Qxc5 Nxc5 24. Rd6 e5 25. Ne6 Nd3 26. b3 cxb3 27. axb3
Rxb3 28. Rd1 e4 29. fxe4 fxe4 30. h3 Rb1 31. Rxb1 Rxb1+ 32. Kh2 Rb6 33. Ng5 Kf8
34. Nxe4 Ne5 35. Nc5 Kf7 36. Kg3 a5 37. Kf4 Ng6+ 38. Ke4 Nf8 39. Rd3 Ke7 40.
Ra3 Rb5 41. Nb3 a4 42. Nd4 Rb4 43. Kd3 Kd6 44. Nc2 Rh4 45. e4 Ne6 46. Nd4 Nc5+
47. Kd2 Rxe4 48. Nf5+ Kd5 49. Nxg7 Kc4 50. Nf5 Nb3+ 51. Kd1 Kb4 52. Ra2 c5 53.
g4 c4 54. g5 Re5 55. Rf2 a3 56. Ng3 Rxg5
0-1

[Event "Oslo Chess International 2014"]
[Site "Oslo"]
[Date "2014.09.28"]
[Round "6"]
[White "Moseng, Geir"]
[Black "Kvisla, Johannes Luangtep"]
[Result "0-1"]
[WhiteElo "1983"]
[BlackElo "2096"]
[PlyCount "44"]
[EventDate "2014.??.??"]

1. d4 d5 2. c4 e6 3. Nf3 Nf6 4. g3 dxc4 5. Bg2 Bd7 6. Ne5 Bc6 7. Nxc6 Nxc6 8.
Bxc6+ bxc6 9. O-O c5 10. dxc5 Qxd1 11. Rxd1 Bxc5 12. Nc3 Rb8 13. Bf4 Rxb2 14.
Bxc7 Be7 15. Be5 O-O 16. Rab1 Rxb1 17. Rxb1 Bc5 18. Na4 Bxf2+ 19. Kg2 Be3 20.
Rb4 Rc8 21. Nb2 c3 22. Bxc3 Nd5
0-1

[Event "Oslo Chess International 2014"]
[Site "Oslo"]
[Date "2014.09.28"]
[Round "6"]
[White "Tryggestad, Andreas G"]
[Black "Svensen, Tarjei Joten"]
[Result "0-1"]
[WhiteElo "2019"]
[BlackElo "2082"]
[PlyCount "80"]
[EventDate "2014.??.??"]

1. e4 e6 2. Nf3 d5 3. Nc3 d4 4. Ne2 c5 5. c3 Nf6 6. e5 Nfd7 7. d3 Nc6 8. Bf4
Be7 9. Qd2 O-O 10. Ng3 dxc3 11. bxc3 f6 12. exf6 Nxf6 13. Ne4 Qd5 14. Nxf6+
Bxf6 15. Be3 b6 16. Be2 Bb7 17. Bg5 Bxg5 18. Qxg5 Rf5 19. Qe3 Raf8 20. c4 Qd6
21. O-O e5 22. Nh4 Rf4 23. g3 Rxh4 24. gxh4 Nd4 25. Rfc1 Qc6 26. f3 Nxe2+ 27.
Qxe2 Rxf3 28. Qg2 Qd7 29. Rf1 Qd4+ 30. Kh1 Rxf1+ 31. Rxf1 Bxg2+ 32. Kxg2 Qxd3
33. Rf3 Qxc4 34. Kg3 Qd4 35. Kg2 e4 36. Rf4 Qd3 37. Rf5 e3 38. Re5 Qd2+ 39. Kg3
Qf2+ 40. Kg4 e2
0-1

[Event "Oslo Chess International 2014"]
[Site "Oslo"]
[Date "2014.09.28"]
[Round "6"]
[White "Reppen, Sigmund"]
[Black "Edakina, Maria"]
[Result "1/2-1/2"]
[WhiteElo "2069"]
[BlackElo "1675"]
[PlyCount "106"]
[EventDate "2014.??.??"]

1. e4 e5 2. Nf3 Nf6 3. Nxe5 d6 4. Nf3 Nxe4 5. Nc3 Nxc3 6. dxc3 Be7 7. Bf4 Nd7
8. Qd2 O-O 9. O-O-O Nc5 10. Nd4 Ne6 11. Be3 Nxd4 12. cxd4 d5 13. Bd3 Be6 14. h4
Qd7 15. Rdg1 Bf5 16. g4 Be4 17. Bxe4 dxe4 18. g5 Qd5 19. Kb1 Rad8 20. c4 Qxc4
21. Rc1 Qd5 22. Rxc7 Bd6 23. Rc2 Rc8 24. Rhc1 Rxc2 25. Qxc2 g6 26. Qc4 Qxc4 27.
Rxc4 Re8 28. d5 a6 29. Bd4 h6 30. Bf6 b5 31. Rc6 Be5 32. Bxe5 Rxe5 33. d6 Rd5
34. Rxa6 hxg5 35. hxg5 Kg7 36. Kc2 Rxg5 37. Kd2 Rd5+ 38. Ke3 f5 39. Kf4 Kh6 40.
Rb6 g5+ 41. Ke3 Kh5 42. d7 Rxd7 43. Rxb5 Rd3+ 44. Ke2 Kg4 45. Rb4 Kh3 46. a4
Kg2 47. a5 Rf3 48. a6 Rxf2+ 49. Ke3 Rf3+ 50. Ke2 Rf2+ 51. Ke3 Rf3+ 52. Ke2 Rf2+
53. Ke3 Rf3+
1/2-1/2

[Event "Oslo Chess International 2014"]
[Site "Oslo"]
[Date "2014.09.28"]
[Round "6"]
[White "Wahlstedt, Mats"]
[Black "Jacobsen, Fredrik Beer"]
[Result "1/2-1/2"]
[WhiteElo "1980"]
[BlackElo "2046"]
[PlyCount "53"]
[EventDate "2014.??.??"]

1. e4 c5 2. c3 Nf6 3. e5 Nd5 4. d4 cxd4 5. cxd4 d6 6. Nf3 Nc6 7. Bc4 Nb6 8. Bb5
d5 9. O-O Bg4 10. Be3 e6 11. a3 Be7 12. Nbd2 O-O 13. Rc1 Rc8 14. Bxc6 bxc6 15.
b4 f5 16. exf6 Bxf6 17. Qb3 Bxf3 18. Nxf3 Nc4 19. Qc3 Qd6 20. Bg5 e5 21. Bxf6
gxf6 22. Nd2 exd4 23. Nxc4 dxc4 24. Qxc4+ Kg7 25. Rcd1 Rcd8 26. Rd3 Qd5 27.
Qxd5
1/2-1/2

[Event "Oslo Chess International 2014"]
[Site "Oslo"]
[Date "2014.09.28"]
[Round "6"]
[White "Pettersson, Ola"]
[Black "Edakina, Anastasia"]
[Result "1/2-1/2"]
[WhiteElo "1997"]
[BlackElo "1733"]
[PlyCount "72"]
[EventDate "2014.??.??"]

1. e4 c5 2. Nc3 d6 3. f4 Nc6 4. Bc4 Nf6 5. d3 e6 6. Nf3 Be7 7. O-O O-O 8. a3 a6
9. Qe1 b5 10. Bb3 Bb7 11. Kh1 Rc8 12. Be3 Na5 13. Ba2 c4 14. Rd1 cxd3 15. cxd3
d5 16. Bd2 Nc6 17. e5 Nd7 18. d4 b4 19. axb4 Nxb4 20. Bb1 a5 21. Ng5 h6 22. Qh4
f5 23. exf6 Rxf6 24. Bh7+ Kh8 25. Bg6 Kg8 26. Qh5 Nf8 27. Bf7+ Kh8 28. Rde1 Qb6
29. f5 Qxd4 30. Nf3 Qd3 31. Ne5 Qxd2 32. Bxe6 Rc7 33. Rd1 Qxb2 34. Nf7+ Kh7 35.
Ng5+ Kh8 36. Nf7+ Kh7
1/2-1/2

[Event "Oslo Chess International 2014"]
[Site "Oslo"]
[Date "2014.09.28"]
[Round "6"]
[White "Fredriksen, Jan Gunnar"]
[Black "Keadana, Amir"]
[Result "0-1"]
[WhiteElo "1977"]
[BlackElo "1628"]
[PlyCount "52"]
[EventDate "2014.??.??"]

1. h4 d5 2. d4 Nf6 3. Bg5 Bf5 4. e3 Nbd7 5. Bb5 c6 6. Ba4 e5 7. dxe5 Nxe5 8.
Nd2 Bb4 9. c3 Nd3+ 10. Ke2 Nxb2 11. Qb3 Nxa4 12. Qxb4 b5 13. Ngf3 a5 14. Qd4 c5
15. Qe5+ Be6 16. Rac1 h6 17. Bxf6 Qxf6 18. Qxf6 gxf6 19. Ne1 Kd7 20. f3 b4 21.
cxb4 axb4 22. Nd3 Nc3+ 23. Ke1 Kd6 24. Nb3 c4 25. Nxb4 cxb3 26. Rxc3 bxa2
0-1

[Event "Oslo Chess International 2014"]
[Site "Oslo"]
[Date "2014.09.28"]
[Round "6"]
[White "Omtvedt, Per"]
[Black "Erikstad, Olav"]
[Result "1-0"]
[WhiteElo "1948"]
[BlackElo "1832"]
[PlyCount "88"]
[EventDate "2014.??.??"]

1. e4 c6 2. d4 d5 3. Nc3 dxe4 4. Nxe4 Nf6 5. Nxf6+ exf6 6. Bc4 Bd6 7. Qe2+ Qe7
8. Qxe7+ Kxe7 9. Be3 Bf5 10. O-O-O b5 11. Bd3 Bxd3 12. Rxd3 a5 13. Nf3 Na6 14.
c3 Rhb8 15. Re1 Kd7 16. Ne5+ fxe5 17. dxe5 b4 18. Rxd6+ Ke8 19. Rxc6 bxc3 20.
Rxc3 Nb4 21. Kb1 Rd8 22. Bg5 Rd7 23. Rec1 f6 24. exf6 gxf6 25. Bxf6 Rd2 26.
Re3+ Kf7 27. Bc3 Rxf2 28. Bxb4 axb4 29. Rf3+ Rxf3 30. gxf3 Re8 31. Rc4 b3 32.
axb3 Re2 33. Rc2 Re3 34. Rf2 Rxb3 35. Ka2 Rb5 36. Ka3 h5 37. b4 Rg5 38. f4 Rg4
39. b5 h4 40. b6 Rg6 41. Rb2 Rg8 42. b7 Rb8 43. Ka4 Kf6 44. Rb5 Ke6
1-0

[Event "Oslo Chess International 2014"]
[Site "Oslo"]
[Date "2014.09.28"]
[Round "6"]
[White "Johansen, Pål H"]
[Black "Yilmaz, Kazim"]
[Result "1-0"]
[WhiteElo "1919"]
[BlackElo "1686"]
[PlyCount "77"]
[EventDate "2014.??.??"]

1. e4 e5 2. Nf3 Nc6 3. Bb5 Nf6 4. d3 d6 5. h3 h6 6. c3 Be7 7. Be3 O-O 8. Nbd2
a6 9. Ba4 b5 10. Bc2 Bb7 11. O-O d5 12. Re1 dxe4 13. dxe4 b4 14. Qe2 a5 15.
Rad1 Qc8 16. Nf1 Rd8 17. Ng3 Rxd1 18. Rxd1 bxc3 19. bxc3 Ba6 20. Qd2 Qd8 21.
Qc1 Qf8 22. Nf5 Kh7 23. Nxe7 Qxe7 24. Nh4 Rd8 25. Rxd8 Qxd8 26. Nf5 Ne7 27. Ng3
Nc6 28. Ba4 Ne7 29. Qa3 Ng6 30. Bb3 Nf4 31. Qxa5 Ne2+ 32. Nxe2 Bxe2 33. Qxe5
Bh5 34. f3 Qd3 35. Qd4 Qb1+ 36. Qd1 Qb2 37. Qc2 Qa3 38. e5+ Bg6 39. Qc1
1-0

[Event "Oslo Chess International 2014"]
[Site "Oslo"]
[Date "2014.09.28"]
[Round "6"]
[White "Aure, Anders Nilsson"]
[Black "Østby, Martin Bergsjø"]
[Result "0-1"]
[WhiteElo "1628"]
[BlackElo "1897"]
[PlyCount "72"]
[EventDate "2014.??.??"]

1. c4 e5 2. Nc3 Nf6 3. g3 d5 4. cxd5 Nxd5 5. Bg2 Nb6 6. Nf3 Nc6 7. d3 Be7 8.
O-O O-O 9. Bd2 Be6 10. Rc1 f5 11. a3 h6 12. Qc2 Nd4 13. Nxd4 exd4 14. Na4 Nxa4
15. Qxa4 c6 16. Bb4 Re8 17. Bxe7 Rxe7 18. Qc2 Bd5 19. Rfd1 Bxg2 20. Kxg2 Qd5+
21. Kg1 Rae8 22. Rd2 Kh7 23. Qd1 f4 24. b4 Qh5 25. Rc5 g5 26. f3 Qg6 27. g4 h5
28. h3 hxg4 29. hxg4 Qh6 30. Kg2 Qh4 31. Rcc2 Qg3+ 32. Kf1 Kg6 33. Qe1 Qh3+ 34.
Kf2 Qh2+ 35. Kf1 Rh7 36. Qf2 Qh1+
0-1

[Event "Oslo Chess International 2014"]
[Site "Oslo"]
[Date "2014.09.28"]
[Round "6"]
[White "Gustavsson, Kent"]
[Black "Sivaranjan, Aschmirthan"]
[Result "1-0"]
[WhiteElo "1892"]
[BlackElo "1509"]
[PlyCount "107"]
[EventDate "2014.??.??"]

1. d4 f5 2. c4 Nf6 3. g3 g6 4. Bg2 Bg7 5. Nf3 d6 6. O-O O-O 7. b3 c6 8. Bb2 Qc7
9. Nbd2 Re8 10. Ng5 e5 11. d5 c5 12. e4 h6 13. Ne6 Bxe6 14. dxe6 Rxe6 15. exf5
gxf5 16. Bh3 Re7 17. Bxf5 Nc6 18. Ne4 Nd4 19. Nxf6+ Bxf6 20. Bxd4 cxd4 21. Qg4+
Bg7 22. Be6+ Kh8 23. Bd5 Qd7 24. Qe4 Rf8 25. Kg2 Qf5 26. Bxb7 Rxb7 27. Qxb7 e4
28. Rae1 e3 29. fxe3 Qc2+ 30. Kg1 Rxf1+ 31. Rxf1 dxe3 32. Qc8+ Kh7 33. Qf5+
Qxf5 34. Rxf5 Bd4 35. Kf1 Kg6 36. Rd5 Bc5 37. Ke2 Kf6 38. Rxc5 dxc5 39. Kxe3
Ke5 40. g4 a6 41. h4 a5 42. g5 hxg5 43. hxg5 Kf5 44. g6 Kxg6 45. Ke4 Kf7 46.
Kd5 Ke7 47. Kxc5 Kd7 48. Kb6 Kc8 49. Kxa5 Kb7 50. Kb5 Ka7 51. c5 Kb7 52. a4 Ka7
53. Kc6 Kb8 54. Kd7
1-0

[Event "Oslo Chess International 2014"]
[Site "Oslo"]
[Date "2014.09.28"]
[Round "6"]
[White "Trana, Arne O"]
[Black "Lindblom, Roar"]
[Result "1/2-1/2"]
[WhiteElo "1358"]
[BlackElo "1858"]
[PlyCount "81"]
[EventDate "2014.??.??"]

1. e4 e5 2. Nf3 Nc6 3. Bb5 a6 4. Ba4 d6 5. c3 Bd7 6. O-O Nge7 7. d4 Ng6 8. Nbd2
h6 9. Re1 Be7 10. Nf1 Bg5 11. Ng3 Bxc1 12. Rxc1 b5 13. Bc2 O-O 14. Nf5 Qf6 15.
Qd2 Rad8 16. Ne3 Nf4 17. Nd5 Nxd5 18. exd5 Ne7 19. dxe5 dxe5 20. Qe3 Bf5 21.
Bxf5 Qxf5 22. Qxe5 Qxe5 23. Rxe5 Nxd5 24. g3 Nb6 25. Rc5 Rd7 26. Nd4 Re8 27. b3
Kf8 28. Kf1 g6 29. Nf3 Red8 30. Nd4 Re8 31. Re1 Rxe1+ 32. Kxe1 Ke7 33. Re5+ Kf6
34. Rc5 Ke7 35. Re5+ Kd6 36. f4 Re7 37. Rxe7 Kxe7 38. Nc6+ Kd6 39. Ne5 Ke6 40.
Kd2 g5 41. Nd3
1/2-1/2

[Event "Oslo Chess International 2014"]
[Site "Oslo"]
[Date "2014.09.28"]
[Round "6"]
[White "Govatsmark, Konstantin"]
[Black "Mrdeza, Jason"]
[Result "0-1"]
[WhiteElo "1843"]
[BlackElo "1300"]
[PlyCount "66"]
[EventDate "2014.??.??"]

1. e4 d6 2. d4 Nf6 3. Nc3 g6 4. f4 Bg7 5. Nf3 c5 6. e5 Nfd7 7. exd6 cxd4 8.
Nxd4 exd6 9. Ndb5 O-O 10. Qxd6 Na6 11. Be2 Qh4+ 12. g3 Qh3 13. Bd2 Nf6 14.
O-O-O Bf5 15. Bf1 Qh5 16. Be2 Qh3 17. Bc4 Rfc8 18. Bb3 Nc5 19. Be3 Nxb3+ 20.
axb3 Ne4 21. Qb4 a6 22. Nxe4 Qg2 23. Nbc3 Bxc3 24. bxc3 Bxe4 25. Bd2 a5 26. Qb6
Rxc3 27. Qd4 Rxc2+ 28. Kb1 Rc4+ 29. Qxe4 Qxe4+ 30. Kb2 Rc2+ 31. Ka3 Rxd2 32.
Rxd2 Qb4+ 33. Ka2 Qxd2+
0-1

[Event "Oslo Chess International 2014"]
[Site "Oslo"]
[Date "2014.09.28"]
[Round "6"]
[White "Nordquelle, Daniel"]
[Black "Sirletti, Sonia"]
[Result "0-1"]
[WhiteElo "1814"]
[BlackElo "1843"]
[PlyCount "58"]
[EventDate "2014.??.??"]

1. e4 d6 2. d4 Nf6 3. Nc3 Nbd7 4. Nf3 e5 5. Rg1 Be7 6. g4 exd4 7. Nxd4 Nc5 8.
f3 g6 9. Be3 c6 10. Qd2 Qa5 11. a3 Qc7 12. O-O-O b5 13. g5 Nfd7 14. f4 a5 15.
Bg2 Bb7 16. f5 b4 17. Nb1 Ne5 18. f6 Bf8 19. Bf4 Ba6 20. Bxe5 dxe5 21. Nb3
Nxb3+ 22. cxb3 Bc5 23. Rge1 O-O 24. Bf3 Qb6 25. a4 Rad8 26. Qg2 Be3+ 27. Nd2
Bd3 28. Rxe3 Qxe3 29. Qh3 Qxg5
0-1

[Event "Oslo Chess International 2014"]
[Site "Oslo"]
[Date "2014.09.28"]
[Round "6"]
[White "Kverndal, Leif"]
[Black "Reppen, Tore"]
[Result "1-0"]
[WhiteElo "1838"]
[BlackElo "1678"]
[PlyCount "135"]
[EventDate "2014.??.??"]

1. d4 g6 2. Nf3 Bg7 3. g3 c6 4. c4 d6 5. Bg2 Nf6 6. O-O O-O 7. Nc3 Nbd7 8. e4
e5 9. Re1 Qc7 10. Be3 Rd8 11. Rc1 exd4 12. Nxd4 Nf8 13. b3 Ne6 14. h3 Bd7 15.
f4 Nxd4 16. Bxd4 Nh5 17. Bxg7 Nxg7 18. g4 f5 19. Kh2 fxe4 20. Nxe4 d5 21. Nf6+
Kh8 22. Kg3 g5 23. Qd4 Qxf4+ 24. Qxf4 gxf4+ 25. Kxf4 dxc4 26. Rxc4 Be6 27. Rce4
Bd5 28. Nxd5 Rxd5 29. R1e2 Rf8+ 30. Kg3 Rd7 31. h4 h5 32. g5 Kh7 33. Re7 Rf7
34. Rxf7 Rxf7 35. Bh3 Kg6 36. Rd2 Re7 37. Rd6+ Kf7 38. Rd7 b6 39. Kf4 c5 40.
Rxe7+ Kxe7 41. Ke5 b5 42. Kd5 c4 43. bxc4 bxc4 44. Kxc4 Kd6 45. Kb5 Kc7 46. a4
Kb7 47. Kc5 Kc7 48. a5 Ne8 49. Kd5 Ng7 50. Ke5 Kd8 51. Kf6 Ne8+ 52. Kg6 Ke7 53.
Kxh5 Kf7 54. Kg4 Nd6 55. a6 Ne4 56. Kf4 Nc5 57. Bc8 Nd3+ 58. Kf5 Kg7 59. h5 Nb4
60. h6+ Kh7 61. Be6 Nxa6 62. Kf6 Nc7 63. g6+ Kxh6 64. Bf7 Ne8+ 65. Bxe8 a5 66.
Kf7 a4 67. g7 a3 68. g8=Q
1-0

[Event "Oslo Chess International 2014"]
[Site "Oslo"]
[Date "2014.09.28"]
[Round "6"]
[White "Svanholm, Børge W"]
[Black "Heier, Odin Nikolai"]
[Result "1-0"]
[WhiteElo "1835"]
[BlackElo "1626"]
[PlyCount "113"]
[EventDate "2014.??.??"]

1. c4 c5 2. Nf3 Nf6 3. d4 cxd4 4. Nxd4 Nc6 5. Nc3 g6 6. e4 d6 7. Be2 Bg7 8. Be3
O-O 9. O-O Bd7 10. f3 Rc8 11. Qd2 a6 12. Rfd1 Qa5 13. Rac1 Nxd4 14. Bxd4 b5 15.
Nd5 Qxd2 16. Nxe7+ Kh8 17. Rxd2 Rc7 18. Nd5 Nxd5 19. Bxg7+ Kxg7 20. Rxd5 Rc6
21. Rcd1 bxc4 22. Rxd6 Rxd6 23. Rxd6 Bb5 24. Rd2 Rc8 25. Rc2 h5 26. Kf2 Kf6 27.
Ke3 Ke6 28. a4 Bxa4 29. Rxc4 Bc6 30. Rc3 a5 31. Ba6 Rc7 32. Bb5 Kd6 33. Rxc6+
Rxc6 34. Bxc6 Kxc6 35. Kd4 Kd6 36. f4 f6 37. g3 Kc6 38. e5 fxe5+ 39. fxe5 a4
40. Kc4 g5 41. h3 Kd7 42. Kd5 Ke7 43. e6 Ke8 44. Ke5 Ke7 45. Kf5 g4 46. h4 Ke8
47. Kf6 Kf8 48. Kg6 Ke7 49. Kxh5 Kxe6 50. Kxg4 Kd5 51. h5 Ke6 52. Kg5 Kf7 53.
Kf5 Kg7 54. g4 Kh6 55. Ke4 Kg5 56. Kd4 a3 57. bxa3
1-0

[Event "Oslo Chess International 2014"]
[Site "Oslo"]
[Date "2014.09.28"]
[Round "6"]
[White "Ranaldi, Lucas"]
[Black "Vestby-Ellingsen, Mads"]
[Result "1-0"]
[WhiteElo "1831"]
[BlackElo "1566"]
[PlyCount "161"]
[EventDate "2014.??.??"]

1. d4 d5 2. c4 c6 3. Nf3 Nf6 4. Nc3 dxc4 5. a4 Bf5 6. e3 Nbd7 7. Bxc4 e6 8. O-O
Bb4 9. h3 Qc7 10. Bd2 h6 11. Rc1 O-O 12. Qe2 Bxc3 13. Bxc3 Rad8 14. b4 Ne4 15.
Bb2 Ndf6 16. Ba3 Rfe8 17. Qe1 Nd6 18. Be2 Qb8 19. Qc3 Nde4 20. Qb2 Rc8 21. Ne5
Nd6 22. Qa2 Red8 23. a5 Nd5 24. Qb3 Ne4 25. Rfd1 Nef6 26. a6 Nd7 27. Nxd7 Rxd7
28. axb7 Qxb7 29. Qa4 Qa8 30. Ba6 Rcc7 31. Rc5 Nb6 32. Qb3 Rd5 33. Rd2 Rxc5 34.
bxc5 Nd7 35. Rb2 Qd8 36. Bb4 Nb8 37. Bc4 Rb7 38. Qa3 Qd7 39. Ra2 Kh8 40. Qc3
Kg8 41. Ra4 e5 42. Ra2 exd4 43. exd4 Be6 44. Re2 Bxc4 45. Qxc4 Na6 46. Bd2 Nc7
47. Be3 Nd5 48. Ra2 Qc7 49. Ra1 Rb4 50. Qa6 Rb5 51. Qa3 Rb7 52. Qd3 Nb4 53. Qe4
Nd5 54. g3 Nxe3 55. Qxe3 Qe7 56. Qxe7 Rxe7 57. Kg2 Rd7 58. Ra4 Kf8 59. Kf3 Ke7
60. Ke4 Ke6 61. g4 Rc7 62. Ra6 Kf6 63. d5 Re7+ 64. Kd4 Rc7 65. f4 g5 66. f5 Kg7
67. Rxc6 Rb7 68. d6 Rd7 69. Rc7 Rd8 70. Rxa7 Kf6 71. Kd5 Re8 72. c6 Re5+ 73.
Kd4 Re8 74. c7 Kg7 75. d7 Re7 76. d8=Q h5 77. Qxe7 h4 78. Qxg5+ Kh8 79. Ra8+
Kh7 80. Rg8 f6 81. Qg7#
1-0

[Event "Oslo Chess International 2014"]
[Site "Oslo"]
[Date "2014.09.28"]
[Round "6"]
[White "Wicklund-Hansen, Rich."]
[Black "Nilsen, Tobias Lang"]
[Result "0-1"]
[WhiteElo "1815"]
[BlackElo "1652"]
[PlyCount "54"]
[EventDate "2014.??.??"]

1. e4 e6 2. d3 d5 3. Nd2 Nf6 4. g3 b6 5. Bg2 Bb7 6. Ne2 Be7 7. O-O O-O 8. f4 c5
9. e5 Nfd7 10. b3 Nc6 11. Bb2 Rc8 12. d4 Qc7 13. Rc1 cxd4 14. Nxd4 Nxd4 15.
Bxd4 Ba3 16. Qg4 Bxc1 17. Rxc1 g6 18. Nf3 Rfe8 19. h4 h5 20. Qg5 Kh7 21. f5
exf5 22. Qf4 Nf8 23. Bh3 Ne6 24. Ng5+ Nxg5 25. Bxf5 Ne6 26. Qf3 Kg8 27. Be3 d4
0-1

[Event "Oslo Chess International 2014"]
[Site "Oslo"]
[Date "2014.09.28"]
[Round "6"]
[White "Mørkedal, Øyvind"]
[Black "Kløfsrud, August Kristiansen"]
[Result "0-1"]
[WhiteElo "1766"]
[BlackElo "1606"]
[PlyCount "106"]
[EventDate "2014.??.??"]

1. e4 e6 2. d4 d5 3. Nc3 Nf6 4. Bg5 Bb4 5. e5 h6 6. Bd2 Bxc3 7. bxc3 Ne4 8. Bd3
Nxd2 9. Qxd2 c5 10. Nf3 c4 11. Be2 Nd7 12. O-O b5 13. Rfb1 Qa5 14. Rb4 Nb6 15.
Qc1 Na4 16. Qa3 Bd7 17. Nd2 Qd8 18. Rbb1 Qe7 19. Qxe7+ Kxe7 20. Rf1 Nxc3 21.
Bg4 b4 22. Nb1 Nb5 23. Rd1 f6 24. f4 f5 25. Bf3 g5 26. g3 g4 27. Be2 h5 28. a3
a5 29. a4 Na7 30. Nd2 Nc8 31. Kf2 h4 32. Kg2 Nb6 33. Rdc1 Bxa4 34. Bd1 Bb5 35.
Rcb1 Nc8 36. Rxb4 axb4 37. Rxa8 h3+ 38. Kf2 Kd7 39. Rb8 Kc6 40. Ke3 Re8 41. Nf1
Nd6 42. Rxe8 Nxe8 43. Nd2 Kb6 44. Nb1 Nc7 45. c3 bxc3 46. Nxc3 Ka5 47. Kd2 Kb4
48. Bc2 Ne8 49. Na2+ Ka5 50. Nc3 Ng7 51. Ne2 Ba4 52. Bb1 Nh5 53. Kc1 Bb5
0-1

[Event "Oslo Chess International 2014"]
[Site "Oslo"]
[Date "2014.09.28"]
[Round "6"]
[White "Wærstad, Leif E"]
[Black "Huse, Sigurd Kjelsbøl"]
[Result "0-1"]
[WhiteElo "1605"]
[BlackElo "1720"]
[PlyCount "66"]
[EventDate "2014.??.??"]

1. d4 d5 2. Nf3 Nf6 3. c4 c6 4. Nc3 e6 5. e3 Bb4 6. a3 Bxc3+ 7. bxc3 Ne4 8. Qc2
Nd7 9. cxd5 exd5 10. Bd3 Ndf6 11. O-O O-O 12. Ne5 Qc7 13. c4 Qe7 14. a4 Re8 15.
f3 Ng5 16. e4 Ne6 17. Qf2 dxe4 18. fxe4 Nxd4 19. Nf3 Nxf3+ 20. Qxf3 Qe5 21. Be3
Qc3 22. Bg5 Qd4+ 23. Kh1 Be6 24. Bxf6 gxf6 25. Rac1 Rad8 26. Be2 Qd2 27. Rcd1
Qg5 28. Rxd8 Rxd8 29. h3 Rd4 30. Qb3 b6 31. Qc3 Rxe4 32. Bd3 Re3 33. Qd4 Bxh3
0-1